ARRUPE JESUIT UNIVERSITY

CORONAVIRUS -STOP THE SPREAD - CLEAN,DISINFECT,COVER

The rat / (Record no. 118210)

MARC details
000 -LEADER
fixed length control field 00807pam a2200277 a 4500
001 - CONTROL NUMBER
control field 2880150
003 - CONTROL NUMBER IDENTIFIER
control field ARRUPE
005 - DATE AND TIME OF LATEST TRANSACTION
control field 20131001165844.0
008 - FIXED-LENGTH DATA ELEMENTS--GENERAL INFORMATION
fixed length control field 861124s1987 cau 000 1 eng
010 ## - LIBRARY OF CONGRESS CONTROL NUMBER
LC control number 86031817
020 ## - INTERNATIONAL STANDARD BOOK NUMBER
International Standard Book Number 0151759200
040 ## - CATALOGING SOURCE
Original cataloging agency DLC
Transcribing agency DLC
Modifying agency DLC
041 1# - LANGUAGE CODE
Language code of text/sound track or separate title engger
050 00 - LIBRARY OF CONGRESS CALL NUMBER
Classification number PT2613.R338
Item number R313 1987
082 00 - DEWEY DECIMAL CLASSIFICATION NUMBER
Classification number 833/.914
Edition number 19
300 ## - PHYSICAL DESCRIPTION
Dimensions 25 cm.
100 1# - MAIN ENTRY--PERSONAL NAME
Personal name Grass, Günter,
Dates associated with a name 1927-
9 (RLIN) 1955
240 10 - UNIFORM TITLE
Uniform title <a href="Rättin.">Rättin.</a>
Language of a work English
245 14 - TITLE STATEMENT
Title The rat /
Statement of responsibility, etc Günter Grass ; translated by Ralph Manheim.
250 ## - EDITION STATEMENT
Edition statement 1st ed.
260 ## - PUBLICATION, DISTRIBUTION, ETC. (IMPRINT)
Place of publication, distribution, etc San Diego :
Name of publisher, distributor, etc Harcourt Brace Jovanovich,
Date of publication, distribution, etc c1987.
300 ## - PHYSICAL DESCRIPTION
Extent 371 p. ;
500 ## - GENERAL NOTE
General note Translation of: Die Rättin.
500 ## - GENERAL NOTE
General note "A Helen and Kurt Wolff book."
906 ## - LOCAL DATA ELEMENT F, LDF (RLIN)
a 7
b cbc
c orignew
d 1
e ocip
f 19
g y-gencatlg
942 ## - ADDED ENTRY ELEMENTS (KOHA)
Source of classification or shelving scheme Library of Congress Classification
Koha item type Monograph ( Printed materials)
Holdings
Withdrawn status Lost status Source of classification or shelving scheme Damaged status Not for loan Home library Current library Date acquired Total Checkouts Full call number Barcode Date last seen Price effective from Koha item type
    Library of Congress Classification     ARRUPE LIBRARY ARRUPE LIBRARY 01/10/2013   PT2613.R338 R3 1988 46411430 02/07/2019 01/10/2013 Monograph ( Printed materials)

 

Arrupe Library. PO Box MP320 Mt Pleasant, Harare, Zimbabwe
263 242 745411|librarian@aju.ac.zw